| 000 | 00771nam a2200205 a 4500 | ||
|---|---|---|---|
| 001 | BRCA_892 | ||
| 005 | 20190320203209.0 | ||
| 008 | 311005s1997----sp-a---###---#000-0#spa-d | ||
| 050 | 4 |
_aNK2995 _b.F33 1997 |
|
| 245 | 1 | 0 |
_aFábricas de la corona _bdescripción de los procesos de elaboracion : cristales, tapices, porcelanas. |
| 260 |
_aEspaña _bCaja de Ahorros de Mediterráneo _c1997 |
||
| 300 |
_a143 p. _bil. (algunas a color) _c30 cm. |
||
| 500 | _aIncluye fichas de catálogo | ||
| 504 | _aBibliografía : p. 143 | ||
| 650 | 1 | 4 |
_aTapices _xTécnicas de fabricación _92968 |
| 650 | 1 | 4 |
_aCristales _xTécnicas de fabricación _92969 |
| 650 | 1 | 4 |
_aPorcelana _xTécnicas de fabricación _92970 |
| 650 | 1 | 4 |
_aManofacturas reales _vCatálogos _ySiglo XVII _92971 |
| 942 |
_2lcc _cB |
||
| 999 |
_c786 _d786 |
||